Mass Effect : Andromeda. Iniciace /
Sci-fi román je pokračováním série a hlavní postavou je zde Cora Harperová.
Uloženo v:
| Série: | Mass Effect: Andromeda,
část 2 |
|---|---|
| Hlavní autor: | |
| Další autoři: | , |
| Médium: | E-kniha |
| Jazyk: | Czech |
| Vydáno: |
Ostrava :
Fantom Print,
2020
|
| Vydání: | 1. vydání |
| Témata: | |
| Příbuzné jednotky: | Z cyklu::
Mass Effect: Andromeda |
| Tagy: |
Žádné tagy |
| LEADER | 02784nam a2200493 i 4500 | ||
|---|---|---|---|
| 001 | 311152 | ||
| 003 | CZ PrSKC | ||
| 005 | 20260601215700.0 | ||
| 007 | ta | ||
| 008 | 200324s2020 xr g 000 f cze | ||
| 015 | |a cnb003198939 | ||
| 020 | |a 9788075940551 |q (brožováno) |z 978-80-7594-555-1 | ||
| 035 | |a (OCoLC)1200248404 | ||
| 040 | |a ABG001 |b cze |d BOA001 |e rda | ||
| 041 | 1 | |a cze |h eng | |
| 072 | 7 | |a 821.111(73)-3 |x Americká próza |2 Konspekt | |
| 080 | |a 821.111(73)-31 |2 MRF | ||
| 080 | |a (0:82-311.9) |2 MRF | ||
| 100 | 1 | |a Jemisin, N. K., |d 1972- |7 xx0169839 |4 aut | |
| 240 | 1 | 0 | |a Initiation. |l Česky |
| 245 | 1 | 0 | |a Mass Effect : |b Andromeda. |p Iniciace / |c N.K. Jemisin, Mac Walters ; překlad Zuzana Komprdová |
| 246 | 3 | 0 | |a Iniciace |
| 246 | 3 | 0 | |a Andromeda |
| 250 | |a 1. vydání | ||
| 264 | 1 | |a Ostrava : |b Fantom Print, |c 2020 | |
| 300 | |a 286 stran ; |c 21 cm | ||
| 336 | |a text |b txt |2 rdacontent | ||
| 337 | |a bez média |b n |2 rdamedia | ||
| 338 | |a svazek |b nc |2 rdacarrier | ||
| 500 | |a Přeloženo z angličtiny | ||
| 520 | 2 | |a Sci-fi román je pokračováním série a hlavní postavou je zde Cora Harperová. |b Poručík Cora Harperová se připojila k Alianci systémů, aby mohla rozvíjet svůj působivý biotický talent. Přidělili ji k jednotce asarijského komanda jménem Taleininy dcery, kde pracovala na zdokonalení svých schopností, aby se mohla stát zkušenou a smrtící lovkyní. Po návratu na Zemi Cora zjišťuje, že se mezi ostatními lidmi cítí jako cizinka. Připojuje se proto k Andromeda Initiative jako pobočnice Aleca Rydera. Účelem mise je vyslat sto tisíc kolonistů na jednosměrnou, šest set let trvající cestu do neznáma. Když ale dojde ke krádeži zásadní - a nebezpečné - technologie, je Cora vyslána, aby ji získala zpět. A to dříve, než ji někdo zneužije proti Andromeda Initiative a překazí tak misi dřív, než vůbec započne. Nakladatelská anotace. | |
| 546 | |a Český text | ||
| 655 | 7 | |a americké romány |7 fd131796 |2 czenas | |
| 655 | 7 | |a vědecko-fantastické romány |7 fd133847 |2 czenas | |
| 655 | 9 | |a American fiction |2 eczenas | |
| 655 | 9 | |a science fiction novels |2 eczenas | |
| 700 | 1 | |a Walters, Mac, |d 1950- |7 xx0246208 |4 aut | |
| 700 | 1 | |a Komprdová, Zuzana |7 jo2016922995 |4 trl | |
| 787 | 0 | 8 | |i Z cyklu: |t Mass Effect: Andromeda |g 2 |
| 900 | |a ABA001 |b 20 | ||
| 044 | |a xr | ||
| 910 | |a RBIT002 | ||
| 998 | |d 205214 |a https://core.palmknihy.cz/api/books/205214/cover?q7ahti |b https://core.palmknihy.cz/api/books/205214/cover/400?q7ahti |c https://core.palmknihy.cz/api/books/205214/cover/50?q7ahti |e 2027-01-07 |g 288 |i 9788075940551 |j https://core.palmknihy.cz/api/books/205214/preview.epub |l |q 49 |r 1 |s https://www.palmknihy.cz/kniha/205214 |t ebook |y 2020 |z 0 |v Mass Effect / Andromeda |w 2 | ||
| 999 | |d 311150 | ||